Money In The Bank Trivia Quiz Stats

Quiz not verified by Sporcle

Also try: Famous 'Co' People
Challenge
Share
Tweet
Embed
Score 0/10 Timer 12:00
0 Plays Today
Question (MITB - Money In The Bank) Answer % Correct
????
100%
????
94.7%
????
94.7%
????
89.5%
????
87.7%
????
80.7%
????
78.9%
????
66.7%
????
64.9%
????
64.9%

You're not logged in!

Compare scores with friends on all Sporcle quizzes.
Sign Up with Email
OR
Log In

You Might Also Like...

Show Comments

Extras

Top Quizzes Today


Score Distribution

Your Account Isn't Verified!

In order to create a playlist on Sporcle, you need to verify the email address you used during registration. Go to your Sporcle Settings to finish the process.